000 01009nam a22003377a 4500
003 CHAP
005 20220329133542.0
008 971013s1990 r 00010 d
010 _a7774
011 _a8746
035 _a7976
040 _cCHAP
082 _a581.55724
_bI54
100 0 0 _aIngleby, K.
_958326
245 _aIdentification of ectomycorrhizas
260 _aLondon :
_bHMSO,
_c1990
300 _a112 p.
_b: ilus.
490 _aITE. research publication
_v; 5
590 _aBATCH-UPD
_b10
_c20130109
_lUCH01
_h2312
590 _aBATCH-UPD
_b10
_c20130110
_lUCH01
_h2153
590 _aCONVERSION
_b10
_c20130109
_lUCH01
_h1305
650 1 4 _aEctomycorrhizas.
_935301
700 0 _aFleming, L. V.
_941250
700 0 _aLast, F. T.
_965050
700 0 _aMason, P. A.
_972790
710 0 _aInstitute of Terrestrial Ecology.
_959048
830 0 _aITE. research publication
_v; 5
_960680
901 _aBK
942 _cLIBRO
949 _a581.55724 I54
_bBC
_cC
_d-101607
_eC
_gI.c/e
_h87971
_i7976
_si
_t83.35
999 _c7774
_d7774